Educating, Evaluating, and Selecting Living Kidney Donors

Ethical rational, facts, and center techniques for choosing kidney donors all in one volume. This is the first book of its kind, devoted solely to preoperative issues for living kidney donors and those who counsel them. The eight chapters are devoted to vital areas that are comprehensively addressed...

Full description

Bibliographic Details
Corporate Author: SpringerLink (Online service)
Other Authors: Steiner, Robert W. (Editor)
Format: Electronic eBook
Language:English
Published: Dordrecht : Springer Netherlands, 2004.
Subjects:
Online Access:Full Text via HEAL-Link
LEADER 03122nam a22004215i 4500
001 978-1-4020-2276-0
003 DE-He213
005 20150519175513.0
007 cr nn 008mamaa
008 100301s2004 ne | s |||| 0|eng d
020 |a 9781402022760  |9 978-1-4020-2276-0 
024 7 |a 10.1007/1-4020-2276-X  |2 doi 
040 |d GrThAP 
050 4 |a RC902-918 
072 7 |a MJR  |2 bicssc 
072 7 |a MED055000  |2 bisacsh 
082 0 4 |a 616.61  |2 23 
245 1 0 |a Educating, Evaluating, and Selecting Living Kidney Donors  |h [electronic resource] /  |c edited by Robert W. Steiner. 
264 1 |a Dordrecht :  |b Springer Netherlands,  |c 2004. 
300 |a VIII, 164 p.  |b online resource. 
336 |a text  |b txt  |2 rdacontent 
337 |a computer  |b c  |2 rdamedia 
338 |a online resource  |b cr  |2 rdacarrier 
347 |a text file  |b PDF  |2 rda 
505 0 |a Ethical Approaches to Living Kidney Donor Education and Acceptance -- Quality of Life and Survival on Dialysis and after Renal Transplantation -- Outcomes for Living Donor and Cadaver Donor Kidney Transplantation -- The Medical Evaluation and Risk Estimation of End Stage Renal Disease for Living Kidney Donors -- The Risk of End Stage Renal Disease for Hypertensive Kidney Donors -- Risk of Diabetes and Diabetic Nephropathy -- The Education and Counseling Process for Potential Donors and Donor Attitudes after Living Kidney Donation -- Attitudes, Practices, and Ethical Positions among Transplant Centers Concerning Living Kidney Donor Selection. 
520 |a Ethical rational, facts, and center techniques for choosing kidney donors all in one volume. This is the first book of its kind, devoted solely to preoperative issues for living kidney donors and those who counsel them. The eight chapters are devoted to vital areas that are comprehensively addressed by experienced professionals. The book presents a unified ethical and factual approach that is essential for all transplant centers to understand. It is a readable and understandable ethical foundation for living kidney donation that is free of jargon. It includes balanced, hard to find factual summaries that are essential for acceptable kidney donor counseling. As transplant centers increasingly turn to living kidney donors, this book is an essential step forward in the field. The book will appeal to transplant physicians and surgeons, transplant coordinators and social workers, nephrologists who have patients on dialysis or who evaluate potential living kidney donors and to potential living kidney donors and their recipients. As a practical application of medical ethics to an important field, it will be of interest to medical ethicists as well. 
650 0 |a Medicine. 
650 0 |a Nephrology. 
650 1 4 |a Medicine & Public Health. 
650 2 4 |a Nephrology. 
700 1 |a Steiner, Robert W.  |e editor. 
710 2 |a SpringerLink (Online service) 
773 0 |t Springer eBooks 
776 0 8 |i Printed edition:  |z 9781402012716 
856 4 0 |u http://dx.doi.org/10.1007/1-4020-2276-X  |z Full Text via HEAL-Link 
912 |a ZDB-2-SME 
912 |a ZDB-2-BAE 
950 |a Medicine (Springer-11650)